| 000 | 00554nam a22001457a 4500 | ||
|---|---|---|---|
| 003 | MACL | ||
| 005 | 20190601162609.0 | ||
| 008 | 190601b xxu||||| |||| 00| 0 eng d | ||
| 040 | _cMACL | ||
| 100 |
_aउपाध्याय,शिवानंद _975178 |
||
| 245 | _aधर्मवीर भारती का साहित्य और आधुनिक भाव बोध | ||
| 260 |
_aदिल्ली _bप्रतिभा बुक डिस्ट्री. _c2017 |
||
| 650 |
_aरचनावली _9163 |
||
| 942 |
_2ddc _cHIN |
||
| 999 |
_c60003 _d60003 |
||